|
|
|
|
| LEADER |
00000nab a2200000 a 4500 |
| 001 |
vtls000495387 |
| 003 |
SK-MaSNL |
| 005 |
20260303163804.0 |
| 008 |
230131c1993 xo 0 slo |
| 015 |
|
|
|a SNBRB19rr/mm-uuuuu
|
| 035 |
|
|
|a CL0495525
|
| 035 |
|
|
|a urn:nbn:sk:snk-abf265
|
| 035 |
|
|
|a (urnnbn)urn:nbn:sk:snk:ar-003vn1
|
| 035 |
|
|
|a (uuid)1cb3cb8a-ec9c-4754-8a69-f9f1826f34d1
|
| 040 |
|
|
|a SNKBUCL
|b slo
|c SNKBUCL
|e AACR2
|
| 041 |
0 |
|
|a slo
|
| 044 |
|
|
|a xo
|c SK
|
| 080 |
|
|
|a 631.356.2:631.558.4:633.63
|2 1981
|
| 080 |
|
|
|a 631.558.4
|2 1981
|
| 080 |
|
|
|a 633.63
|2 1981
|
| 100 |
1 |
|
|a Páltik, Jaroslav,
|d 1939-
|4 aut
|9 38956
|
| 245 |
1 |
0 |
|a Požiadavky súčasnej zberovej techniky na vlastnosti porastu cukrovej repy
|c Jaroslav Páltik
|
| 300 |
|
|
|b Obr. 6, tab. 1, res. angl., slov., lit. 6 zázn. v nem., slov.
|
| 650 |
0 |
7 |
|a cukrová repa
|2 snkbucl
|9 81965
|
| 650 |
0 |
7 |
|a technika zberová
|2 snkbucl
|9 972324
|
| 655 |
|
7 |
|a články z novín a časopisov
|2 snkbucl
|9 267496
|
| 773 |
0 |
|
|t Poľnohospodárstvo
|g Roč. 39, č. 7 (1993), s. 579-589
|x 0553-3677
|
| 850 |
|
|
|a Slovenská národná knižnica v Martine
|a MTA001
|
| 852 |
|
|
|a SNK
|b KIS3GCP
|
| 954 |
|
|
|a odborná, vedecká literatúra pôvodná (slovenská)
|2 lita
|
| 958 |
|
|
|a NB
|
| 958 |
|
|
|a RK
|
| 958 |
|
|
|a OND
|
| 958 |
|
|
|a EUIPO
|
| 958 |
|
|
|a article27
|
| 992 |
|
|
|a RBX
|
| 999 |
|
|
|c 2061313
|d 2063243
|